IMPLANTABLE HEARING DEVICES OTHER THAN COCHLEAR IMPLANTS (Record no. 21021)

MARC details
000 -LEADER
fixed length control field 00367nam a22001577a 4500
003 - CONTROL NUMBER IDENTIFIER
control field SGT
020 ## - INTERNATIONAL STANDARD BOOK NUMBER
International Standard Book Number 9788132229261
082 ## - DEWEY DECIMAL CLASSIFICATION NUMBER
Classification number 617.8
Item number I14M
100 ## - MAIN ENTRY--PERSONAL NAME
Personal name MANKEKAR, GAURI
245 ## - TITLE STATEMENT
Title IMPLANTABLE HEARING DEVICES OTHER THAN COCHLEAR IMPLANTS
250 ## - EDITION STATEMENT
Edition statement 1ST
260 ## - PUBLICATION, DISTRIBUTION, ETC. (IMPRINT)
Place of publication, distribution, etc INDIA
Name of publisher, distributor, etc SPRINGER PUB
Year of Publication 2014
300 ## - PAGE DESCRIPTION
No. of Pages 109
650 ## - SUBJECT ADDED ENTRY--TOPICAL TERM
Topical term or geographic name as entry element AUDIOLOGY
942 ## - ADDED ENTRY ELEMENTS (KOHA)
Source of classification or shelving scheme Dewey Decimal Classification
Koha item type Books
Holdings
Withdrawn status Lost status Source of classification or shelving scheme Damaged status Not for loan Collection code Home library Current library Shelving location Date acquired Vendor Name Cost, normal purchase price SGTU Bill Number Total Checkouts Full call number Accession No. (Barcode) Date last seen Bill Date Koha item type
    Dewey Decimal Classification   Not For Loan MEDICAL SGT Medical Library SGT Medical Library Reference Book 07/04/2021 ADWELL BOOKS COMPANY 7143.00 SGTU 1510   617.8 I14M FM12473 07/04/2021 04/03/2021 Books